000 nam a22 7a 4500
999 _c7409
_d7409
008 170829b xxu||||| |||| 00| 0 eng d
100 _93943
_aSangeeta.etal
245 _aEnvironment Matters-2
260 _aNew Delhi
_bABD
_c2016